Online Catalogue and eLibrary

Women's writing in exile (Record no. 3162)

MARC details
000 -LEADER
fixed length control field 00530nam a2200205Ia 4500
005 - DATE AND TIME OF LATEST TRANSACTION
control field 20241015011729.0
008 - FIXED-LENGTH DATA ELEMENTS--GENERAL INFORMATION
fixed length control field 240331s9999 xx 000 0 und d
020 ## - INTERNATIONAL STANDARD BOOK NUMBER
ISBN 0807842516
082 ## - DDC Classification
Item Number - Author Mark WOM
Class No. 820
245 #0 - TITLE STATEMENT
Title Women's writing in exile
260 ## - PUBLICATION, DISTRIBUTION, ETC.
Place of publication, distribution, etc. Chapel Hill
Name of publisher, distributor, etc. The university of North Carolina Press
Date of publication, distribution, etc. 1989
300 ## - PHYSICAL DESCRIPTION
Extent (e.g. Volumes, Pages etc.) xii, 442 p .,
650 ## - SUBJECT ADDED ENTRY--TOPICAL TERM
Topical term or geographic name entry element English Literature
650 ## - SUBJECT ADDED ENTRY--TOPICAL TERM
Topical term or geographic name entry element History
650 ## - SUBJECT ADDED ENTRY--TOPICAL TERM
Topical term or geographic name entry element Criticism
650 ## - SUBJECT ADDED ENTRY--TOPICAL TERM
Topical term or geographic name entry element Women
700 ## - ADDED ENTRY--PERSONAL NAME
Personal name Broe, Lynn Mary
Relator term (Role) Editor
700 ## - ADDED ENTRY--PERSONAL NAME
Personal name Ingram, Angela
Relator term (Role) Editor
942 ## - Koha item type (Biblio)
Koha item type Books in Stacks (Lending)
Holdings
Lost status Damaged status Collection code Home library Current library Shelving location Date acquired Full call number Accession Number Item type
    Lending WERC Library WERC Library Social Science Cupboard 03/31/2024 820.9 WOM 4983 Books in Stacks (Lending)

© WERC Library